| 000 | 01314nam0a22002891 4500 | ||
|---|---|---|---|
| 001 | v19\rc\1407274 | ||
| 005 | 20260405211002.0 | ||
| 035 | _a(NLR Aleph) 005206628 | ||
| 090 |
_a5365157 _c5365157 |
||
| 100 | _a20060512e18761876|||y0rusy50 ca | ||
| 101 | 1 |
_arus _cger |
|
| 102 | _aRU | ||
| 105 | _ay b ||||| | ||
| 200 | 1 |
_aКатихизис, изданный в Бонне по поручению старокатолического синода _fПер. с нем., с предисл. пер. [П[рот]. И. Я[нышев] |
|
| 210 |
_aСанкт-Петербург _cтип. Деп. уделов _d1876 |
||
| 215 |
_a[2], 69 с. _d16 |
||
| 311 | _aИз "Церк. вестн." № 6, 8, 9, 11 и 12 | ||
| 488 | 0 |
_12001#$aЦерковный вестник$v№ 6, 8, 9, 11 и 12 _tЦерковный вестник |
|
| 517 | 0 | _aКатехизис, изданный в Бонне по поручению старокатолического синода | |
| 702 | 1 |
_4730 _4080 _8rus _7ca _aЯнышев _bИ. Л. _f1826-1910 _gИван Леонтьевич _3RU\NLR\AUTH\7794123 _977049 |
|
| 801 | 0 |
_aRU _bNLR _c20060512 _gpsbo |
|
| 801 | 0 |
_aRU _bRuMoRGB _c20060512 _2psbo |
|
| 801 | 1 |
_aRU _bProSoft-M _c20060512 _2rusmarc |
|
| 801 | 2 |
_aRU _bNLR _c20101223 _2rusmarc |
|
| 852 |
_aNLR _j58-2/355 |
||
| 942 | _cBOOK | ||
| 980 | _aNB | ||